000 00640nam a2200205 i 4500
001 100327
003 ES-MaACL
005 20250331063100.0
007 t|
008 050926s1974 sp ||||1| spa d
100 1 _aMarx, Karl,
_d1818-1883
_978590
245 1 0 _aSeñor Vogt /
_cKarl Marx; [traducción del alemán de Carlos Díaz Hernández].
260 _aBilbao :
_bZero,
_c1974.
300 _a326 p. ;
_c20 cm.
490 1 _aBiblioteca promoción del pueblo ;
_v75
600 1 4 _aVogt, Karl.
_9157512
830 0 _aBiblioteca promoción del pueblo ;
_v75
_9180624
852 _aES-MaACL
_jE-6895
_bR.91228
999 _c100327
_d100327